Normal view
MARC view
- Soviet Union -- Territorial expansion
Entry Topical Term
001 - CONTROL NUMBER
- control field: 46308
003 - CONTROL NUMBER IDENTIFIER
- control field: NUST
005 - DATE AND TIME OF LATEST TRANSACTION
- control field: 20210314133507.0
008 - FIXED-LENGTH DATA ELEMENTS
- fixed length control field: 210314|| aca||aabn | a|a d
040 ## - CATALOGING SOURCE
- Original cataloging agency: NUST
- Transcribing agency: NUST
150 ## - HEADING--TOPICAL TERM
- Topical term or geographic name entry element: Soviet Union -- Territorial expansion
670 ## - SOURCE DATA FOUND
- Source citation: Work cat.: (NUST): Hamid, Muhammad 16178, Siberia to Afghanistan, 1987
